01181nam a2200265 a 4500001001000000005001700010008004100027041000800068044000700076084002000083100004500103245009500148260003500243300002200278500018100300500006400481500008100545500001000626650005200636650005600688650003400744650004500778700004200823740005000865BRCA_252020190320203840.0251108s1862----sp-a---###---#000-0#spa-u aspa asp a150b.M88c18621 aCervantes Saavedra, Miguel ded1547-161610aEl Ingenioso Hidalgo Don Quijote de la Manchaccompuesto por Miguel de Cervantes Saavedra. aMadridbMurcia y Martíc1862 a2 v.bil.c19 cm. aContenido : v 1. Primera parte. Dedicatoria del autor. Prólogo del autor. Versos preliminares. Texto. -- v 2. Segunda parte. Dedicatoria del autor. Prólogo del autor. Texto aEdición : Adornado con láminas sueltas de Tony Johannot aEdición de surtido. Lomeras decoradas con filetes dorados Lúdovik Osterc aQM13714aNovela españolayÉpoca clásica, 1500-170014aLiteratura españolayÉpoca clásica, 1500-170014aNovela españolaySiglo XVII14aDon Quijote (Personaje ficticio)eNovela1 aJohannot, Tonyd1803-1852eIlustrador0 aEl Ingenioso Hidalgo Don Quijote de la Mancha